000 00511nam a2200181Ia 4500
001 11945
005 20260306162905.0
008 260306t2019||||xx |||||||||||||| ||spa||
041 _aESP
082 _aHR 330
_bMAR 2019 CA.2
110 _aCámara de Comercio e Industria de Arequipa
245 0 _aCámara AQP:
_brevista institucional de la Cámara de Comercio e Industria de Arequipa
260 _c2019
300 _a49 páginas :
_c29 cm.
650 _aGEN
654 _aCAN
942 _cREV
_dJUS
_fJUS
_2ddc
_n
999 _c11945
_d11945